=LDR 00000nam 2200000 4500 =001 INLIS000000000810153 =005 20251125100231 =035 ##$$a 0010-1125000007 =007 ta =008 251125###########################0###### =020 ##$$a 9786026845290 =082 ##$$a 297.382 =084 ##$$a 297.382 QAH h =245 ##$$a Kumpulan Doa dan Dzikir pilihan /$c Syaikh Sa’id bin Wahf Al-Qahthani =260 ##$$a Jakarta : :$b Darul Haq =990 ##$$a 00000004605 =990 ##$$a 00000004671